| 000 | 00488nam a22001697a 4500 | ||
|---|---|---|---|
| 003 | OSt | ||
| 005 | 20120302145446.0 | ||
| 008 | 090505t xxu||||| |||| 00| 0 eng d | ||
| 035 | _a३८०६ | ||
| 040 | _cमराठी | ||
| 100 |
_aकुलकर्णी, अरुणा _94675 |
||
| 245 | _aजगावेगळे दान | ||
| 250 | _a१ ली | ||
| 260 |
_aपुणे _bमेहता _c१९७९ |
||
| 300 | _b११८ पाने | ||
| 942 |
_2ddc _cBOOK |
||
| 999 |
_c489810 _d489807 |
||